| 000 | 00773cam a2200193 4500 | ||
|---|---|---|---|
| 008 | 000000n2001 000 0 eng u | ||
| 035 | _a(Sirsi) u111026 | ||
| 245 | _aLicensing round for wind farms at sea attracts bids worth £1bn. | ||
| 260 | _c2001 | ||
| 490 |
_aFinancial Times _v 16 February 2001, 6(1) |
||
| 520 | _aThe first licensing round for the rights to build offshore wind farms has seem more than 15 groups apply. This comes as British Energy and Sir Robert McAlpine constuction group joined forces to build wind farms around the British coast. | ||
| 590 | _aWB | ||
| 650 | _aWIND FARMS | ||
| 650 | _aCROWN ESTATE | ||
| 650 | _aOFFSHORE DEVELOPMENT | ||
| 650 | _aRENEWABLE ENERGY | ||
| 690 | _aENVIRONMENTAL AND LAND CONSULTANCY-ENERGY | ||
| 942 | _n0 | ||
| 999 |
_c66162 _d66162 |
||